000 00244nam a22001097a 4500
999 _c261603
_d261602
020 _a9780756637804
100 _aSusanna Van Rose
245 _aVolcano And Earthquake
260 _aU.S.A
_bDK Publishing
_c2008
300 _a72 pgs
942 _cBK